| 000 | 00432nam a2200157Ia 4500 | ||
|---|---|---|---|
| 999 |
_c5340 _d5340 |
||
| 003 | OSt | ||
| 005 | 20200811133249.0 | ||
| 008 | 190216s9999||||xx |||||||||||||| ||und|| | ||
| 040 | _coclc | ||
| 082 |
_a519.5 _bGUP/P |
||
| 100 |
_aGupta, S P _9766 |
||
| 245 | 0 |
_aPractical Statistics / _cS P Gupta |
|
| 260 |
_bS Chand & Co, _c1988. _aNew Delhi: |
||
| 300 | _a544p | ||
| 942 |
_cBK _2ddc _h519.5 _iGUP/P _k519.5 _mGUP/P |
||